Score 0/20 Timer 04:00
0 Plays Today
Hint Answer % Correct
_____ FocusFord
97.2%
_____ CivicHonda
96.7%
_____ CorollaToyota
92%
_____ BeetleVolkswagen
90.8%
_____ ChargerDodge
87.6%
_____ CamaroChevrolet
85.4%
_____ MaximaNissan
82.5%
_____ A5Audi
82.4%
_____ F-TypeJaguar
78.9%
_____ OptimaKia
76.9%
Hint Answer % Correct
_____ FirebirdPontiac
71.6%
_____ ImprezaSubaru
64.4%
_____ LancerMitsubishi
59.3%
_____ EncoreBuick
54.6%
_____ GallardoLamborghini
54.2%
_____ ClioRenault
52.5%
_____ CorsaOpel
51.5%
_____ TalonEagle
34%
_____ ZaporozhetsZAZ
6.4%
_____ 77Willys
3.9%

Today's Daily Dose

Remove Ads.
Support Sporcle.
Get the best of Sporcle when you Go Orange. This ad-free experience offers more features, more stats, and more fun while also helping to support Sporcle. Thank you for becoming a member.

You're not logged in!

Compare scores with friends on all Sporcle quizzes.
OR
Log In

Show Comments

Extras

Top Quizzes Today


Score Distribution

Your Account Isn't Verified!

In order to create a playlist on Sporcle, you need to verify the email address you used during registration. Go to your Sporcle Settings to finish the process.

Report this User

Report this user for behavior that violates our Community Guidelines.

Details: